[Event "2019 Standard Chess Dropout Tournament, Round 1"]
[Site "SchemingMind.com"]
[Date "2018.12.10"]
[Round "1"]
[White "Adrian Grajczak"]
[Black "Arthur Wilding"]
[Result "1-0"]
[WhiteCountry "POL"]
[BlackCountry "WLS"]
[WhiteElo "1752"]
[WhiteRD "107"]
[BlackElo "1083"]
[BlackRD "100"]
[GameID "435865"]

1. e4 e5 2. Nf3 d6 3. d4 exd4 4. Nxd4 Nf6 5. Nc3 Bg4 6. f3 Bd7 7. Bf4 c5 8. Nb3 Be7 9. Bxd6 Bxd6 10. Qxd6 Qb6
11. Qxc5 Nc6 12. Qxb6 axb6 13. a3 O-O 14. Be2 Na5 15. Nxa5 bxa5 16. O-O h6 17. Rfd1 Nh5 18. Rxd7 Rab8 19. g3 Nf6 20. Rd4 b6
21. Rad1 Kh7 22. f4 g6 23. e5 Ng8 24. Bf3 Ne7 25. Nb5 Nf5 26. Rd7 Rbc8 27. R1d2 Ne3 28. e6 Kg8 29. exf7+ Kh8 30. Be4 Nf5
31. Bxf5 gxf5 32. Nc7 h5 33. Ne6 Rb8 34. Nxf8 b5 35. Ng6+ Kg7 36. f8=Q+ Kxg6 37. Qg7#
1-0

[Event "2019 Standard Chess Dropout Tournament, Round 1"]
[Site "SchemingMind.com"]
[Date "2018.12.12"]
[Round "1"]
[White "smothered mate"]
[Black "Uzi Mike"]
[Result "1-0"]
[WhiteCountry "POL"]
[BlackCountry "USA"]
[WhiteElo "2229"]
[WhiteRD "85"]
[BlackElo "2093"]
[BlackRD "86"]
[GameID "435866"]

1. e4 c5 2. Nf3 d6 3. d4 cxd4 4. Nxd4 Nf6 5. Nc3 a6 6. Bg5 e6 7. f4 Qb6 8. Qd2 Qxb2 9. Nb3 Qa3 10. Bxf6 gxf6
11. Be2 Nc6 12. O-O Bd7 13. Rab1 Rc8 14. Rf3 Rg8 15. Kh1 Be7 16. Nc1 Qc5 17. Rxb7 Nd4 18. Rh3 f5 19. Bxa6 fxe4 20. Nb3 Qc6
21. Ra7
1-0

[Event "2019 Standard Chess Dropout Tournament, Round 1"]
[Site "SchemingMind.com"]
[Date "2018.12.11"]
[Round "1"]
[White "Allan Sedstrem"]
[Black "buddhastalin"]
[Result "1-0"]
[WhiteCountry "SCO"]
[BlackCountry "USA"]
[WhiteElo "1596"]
[WhiteRD "62"]
[BlackElo "1621"]
[BlackRD "90"]
[GameID "435867"]

1. e4 e5 2. Nf3 Nc6 3. Bc4 Bc5 4. c3 Nf6 5. O-O d6 6. a3 a6 7. Ng5 O-O 8. d3 h6 9. Nf3 Bg4 10. h3 Bh5
11. Be3 Bxe3 12. fxe3 Na5 13. Ba2 c5 14. g4 Bg6 15. Nbd2 Re8 16. Nh4 Bh7 17. Ndf3 Nc6 18. Qd2 b5 19. b4 Qd7 20. Qg2 d5
21. Rad1 d4 22. exd4 cxd4 23. c4 bxc4 24. Bxc4 Ne7 25. Nxe5 Qa4 26. Bxf7+ Kh8 27. Bxe8 Rxe8 28. Nf5 Nxf5 29. Nf7+ Kg8 30. gxf5 Kxf7
31. Qa2+ Kf8 32. Rd2 Bg8 33. Qb2 Rd8 34. Rc1 Nh5 35. Rc7 Nf4 36. Kh2 Qb5 37. Kg3
1-0

[Event "2019 Standard Chess Dropout Tournament, Round 1"]
[Site "SchemingMind.com"]
[Date "2018.12.12"]
[Round "1"]
[White "spittingfire"]
[Black "klapa"]
[Result "1-0"]
[WhiteCountry "CAN"]
[BlackCountry "POL"]
[WhiteElo "2443"]
[WhiteRD "228"]
[BlackElo "1455"]
[BlackRD "79"]
[GameID "435868"]

1. d4 d5 2. c4 Nf6 3. Nf3 dxc4 4. e3 b5 5. a4 Ba6 6. axb5 Bxb5 7. b3 Qd5 8. Nc3 Qc6 9. Ne5 Qb6 10. Nxb5 Qxb5
11. Bxc4 Qb4+ 12. Bd2 Qb6 13. Bxf7+ Kd8 14. Ba5 Ne4 15. Bxb6 cxb6 16. Bd5 Nc3 17. Qg4 Nxd5 18. Qe6 g6 19. Rc1 Nc7 20. Nf7+ Ke8
21. Nd6+ Kd8 22. Qc8#
1-0

[Event "2019 Standard Chess Dropout Tournament, Round 1"]
[Site "SchemingMind.com"]
[Date "2018.12.10"]
[Round "1"]
[White "splinter"]
[Black "Ragged Rook"]
[Result "0-1"]
[WhiteCountry "CAN"]
[BlackCountry "ENG"]
[WhiteElo "1805"]
[WhiteRD "68"]
[BlackElo "1816"]
[BlackRD "81"]
[GameID "435869"]

1. c4 e6 2. g3 d5 3. Bg2 c5 4. Nf3 Nc6 5. cxd5 exd5 6. O-O Nf6 7. d3 Be7 8. b3 O-O 9. Bb2 Bf5 10. Nbd2 Qc8
11. Rc1 d4 12. Nc4 Bh3 13. e3 Bxg2 14. Kxg2 dxe3 15. fxe3 Qe6 16. Qe1 Nd7 17. Rd1 b5 18. Na3 Nb4 19. Nxb5 Nc2 20. Qc3 Nxe3+
21. Kg1 Bf6 22. Qd2 Nxf1 23. Kxf1 Bxb2 24. Qxb2 Qc6
0-1

[Event "2019 Standard Chess Dropout Tournament, Round 1"]
[Site "SchemingMind.com"]
[Date "2018.12.09"]
[Round "1"]
[White "Stephen Woodhouse"]
[Black "Mike Winslow"]
[Result "1/2-1/2"]
[WhiteCountry "ENG"]
[BlackCountry "USA"]
[WhiteElo "1879"]
[WhiteRD "67"]
[BlackElo "1940"]
[BlackRD "105"]
[GameID "435870"]

1. e4 d5 2. exd5 Nf6 3. d4 Nxd5 4. Nf3 g6 5. c4 Nf6 6. Nc3 Bg7 7. Be3 O-O 8. Be2 b6 9. O-O Nbd7 10. Ne5 Bb7
11. Bf3 Bxf3 12. Qxf3 Rc8 13. Rad1 c5 14. Nxd7 Nxd7 15. dxc5 Bxc3 16. bxc3 Qc7 17. cxb6 axb6 18. Bh6 Rfe8 19. Qe3 Ne5 20. Rfe1 Ng4
21. Qf4 Qxf4 22. Bxf4 Rxc4 23. Bg5 f6 24. Be3 b5 25. Rd4 e5 26. Rxc4 bxc4 27. a4 Nxe3 28. fxe3 Ra8 29. Ra1 Ra5 30. Kf2 f5
31. e4 Kf7 32. Ke3 Ke6 33. Ra2=
1/2-1/2

[Event "2019 Standard Chess Dropout Tournament, Round 1"]
[Site "SchemingMind.com"]
[Date "2018.12.10"]
[Round "1"]
[White "surfnsuds"]
[Black "Transcendent"]
[Result "1-0"]
[WhiteCountry "USA"]
[BlackCountry "ENG"]
[WhiteElo "1311"]
[WhiteRD "91"]
[BlackElo "1482"]
[BlackRD "82"]
[GameID "435871"]

1. d4 d5 2. c4 e5 3. cxd5 Qxd5 4. Nf3 e4 5. Nc3 Bb4 6. Ne5 Ne7 7. e3 O-O 8. Bc4 Qd8 9. O-O Nbc6 10. Nxc6 Nxc6
11. Nxe4 Bf5 12. Ng3 Bg6 13. Bd2 Bxd2 14. Qxd2 Ne5 15. Qc3 Nxc4 16. Qxc4 c6 17. Rad1
1-0

[Event "2019 Standard Chess Dropout Tournament, Round 1"]
[Site "SchemingMind.com"]
[Date "2018.12.10"]
[Round "1"]
[White "swayne"]
[Black "edg"]
[Result "1/2-1/2"]
[WhiteCountry "ENG"]
[BlackCountry "USA"]
[WhiteElo "1683"]
[WhiteRD "70"]
[BlackElo "1705"]
[BlackRD "73"]
[GameID "435872"]

1. d4 d5 2. Bf4 e6 3. c3 Nf6 4. h3 Nc6 5. e3 Be7 6. Nf3 Ne4 7. Bd3 Nd6 8. O-O Qd7 9. a3 Na5 10. b4 Nac4
11. Ra2 b5 12. a4 c6 13. Qc2 a6 14. Nbd2 Nxd2 15. Nxd2 g6 16. a5 Rg8 17. Nb3 Nb7 18. e4 h5 19. h4 Bxh4 20. Be5 Be7
21. exd5 cxd5 22. Qe2 f6 23. Bh2 Bd6 24. Qc2 Bxh2+ 25. Kxh2 f5 26. Qd2 Qe7 27. g3 Bd7 28. f4 O-O-O 29. Rc2 Kb8 30. Qe1 Rg7
31. Qe5+ Ka8 32. Nc5 Nxc5 33. bxc5 Bc8 34. Rg2 Rf7 35. Rff2 Qc7 36. Qxc7 Rxc7 37. Kg1 Rh7 38. Rh2 Rdh8 39. Rh4 Bd7 40. Be2 Be8
41. Kg2 Kb7 42. Kf3 Rg7 43. Ke3 Rhg8 44. Rh3 Kc7 45. Bf3 Kd8 46. Rfh2= Ke7 47. Rh1 Kf6 48. R3h2 g5 49. Rg2 gxf4+ 50. Kxf4 Rg5
51. Rh4 R8g7 52. Rh3 Bg6 53. Rg1 Rh7 54. Rh4 Rg7=
1/2-1/2

[Event "2019 Standard Chess Dropout Tournament, Round 1"]
[Site "SchemingMind.com"]
[Date "2018.12.10"]
[Round "1"]
[White "Transcendent"]
[Black "echecs"]
[Result "0-1"]
[WhiteCountry "ENG"]
[BlackCountry "ENG"]
[WhiteElo "1257"]
[WhiteRD "64"]
[BlackElo "1831"]
[BlackRD "61"]
[GameID "435873"]

1. d4 d5 2. c4 c6 3. Nf3 e6 4. g3 Nf6 5. Bg2 Be7 6. O-O O-O 7. Qc2 Nbd7 8. cxd5 cxd5 9. Bf4 b6 10. Nbd2 Ba6
11. Rfe1 Bb7 12. Rac1 Rc8 13. Qb1 Nh5 14. Rxc8 Bxc8 15. Rc1 Nxf4 16. e3 Ng6 17. Qc2 Nf6
0-1

[Event "2019 Standard Chess Dropout Tournament, Round 1"]
[Site "SchemingMind.com"]
[Date "2018.12.10"]
[Round "1"]
[White "Udo Sprang"]
[Black "Dicken"]
[Result "0-1"]
[WhiteCountry "NED"]
[BlackCountry "GER"]
[WhiteElo "1976"]
[WhiteRD "109"]
[BlackElo "2141"]
[BlackRD "65"]
[GameID "435874"]

1. e4 c5 2. Nf3 d6 3. d4 cxd4 4. Nxd4 Nf6 5. Nc3 a6 6. Bg5 e6 7. f4 Qb6 8. Nb3 Be7 9. Qf3 Nbd7 10. O-O-O Qc7
11. g4 b5 12. Bd3 b4 13. Ne2 Bb7 14. Bxf6 Nxf6 15. g5 Nd7 16. Kb1 O-O 17. Rhg1 Nc5 18. Nxc5 dxc5 19. Bc4 Rad8 20. Rxd8 Rxd8
21. Ng3 Qd7 22. Kc1 Qd4 23. Qf1 a5 24. Bd3 a4 25. Ne2 Qe3+ 26. Kb1 Rxd3 27. cxd3 Qxd3+ 28. Ka1 Qxe4 29. Qd1 Bc6 30. Qd2 Bd5
31. Rd1 Qc4 32. Nc1 Bd6 33. b3 Qe4
0-1

[Event "2019 Standard Chess Dropout Tournament, Round 1"]
[Site "SchemingMind.com"]
[Date "2018.12.10"]
[Round "1"]
[White "Uzi Mike"]
[Black "Ronald R. Nurmi"]
[Result "0-1"]
[WhiteCountry "USA"]
[BlackCountry "USA"]
[WhiteElo "2093"]
[WhiteRD "86"]
[BlackElo "1775"]
[BlackRD "73"]
[GameID "435875"]

1. d4 d5 2. c4 c6 3. Nf3 Nf6 4. Nc3 dxc4 5. a4 Bf5 6. Ne5 Nbd7 7. Nxc4 Nb6 8. Ne5 a5 9. f3 Nfd7 10. Nxd7 Nxd7
11. e4 Bg6 12. Be2 e6 13. O-O Bb4 14. Be3 O-O 15. Qb3 Qc7 16. Rac1 Rfe8 17. Kh1 Rad8 18. Rfd1 Qb8 19. Na2 Bd6 20. e5 Be7
21. Nc3 Qc7 22. Nb5 Qb8 23. Na3 Rc8 24. Nc4 b6 25. Bf4 Bb4 26. Nd6 Bxd6 27. exd6 Red8
0-1

[Event "2019 Standard Chess Dropout Tournament, Round 1"]
[Site "SchemingMind.com"]
[Date "2018.12.12"]
[Round "1"]
[White "wight knight"]
[Black "Glenn O'Brien"]
[Result "0-1"]
[WhiteCountry "ENG"]
[BlackCountry "AUS"]
[WhiteElo "1292"]
[WhiteRD "67"]
[BlackElo "1976"]
[BlackRD "77"]
[GameID "435876"]

1. e4 e5 2. Bc4 Nf6 3. f3 Bc5 4. d3 Nc6 5. c3 Na5 6. b4 Nxc4 7. bxc5 Na5 8. Bd2 d6 9. c4 Nc6 10. Bg5 dxc5
11. Bxf6 gxf6 12. Nc3 O-O 13. Qd2 Nb4 14. Nd5 Nxd5 15. cxd5 c6 16. dxc6 bxc6 17. g4 Ba6 18. Nh3 Qxd3 19. Qxd3 Bxd3 20. g5 fxg5
21. Nxg5 Rab8 22. Kd2 Rfd8 23. Rhg1 Bxe4+ 24. Ke1 Bg6 25. Ne4 c4 26. Nf6+ Kg7 27. h4 Kxf6 28. Kf2 Rb2+ 29. Kg3 Bf5 30. Rac1 Rg8#
0-1

[Event "2019 Standard Chess Dropout Tournament, Round 1"]
[Site "SchemingMind.com"]
[Date "2018.12.11"]
[Round "1"]
[White "willyboy"]
[Black "2curious"]
[Result "0-1"]
[WhiteCountry "AUT"]
[BlackCountry "USA"]
[WhiteElo "2128"]
[WhiteRD "69"]
[BlackElo "2115"]
[BlackRD "114"]
[GameID "435877"]

1. e4 e5 2. f4 exf4 3. Nf3 d6 4. Bc4 h6 5. d4 g5 6. Qd3 Nc6 7. h3 Bg7 8. Bd2 Nge7 9. Qb3 O-O 10. Bc3 a5
11. d5 a4 12. Qa3 Ne5
0-1

[Event "2019 Standard Chess Dropout Tournament, Round 1"]
[Site "SchemingMind.com"]
[Date "2018.12.09"]
[Round "1"]
[White "Wojtek26"]
[Black "JimM"]
[Result "0-1"]
[WhiteCountry "POL"]
[BlackCountry "USA"]
[WhiteElo "1616"]
[WhiteRD "66"]
[BlackElo "1706"]
[BlackRD "81"]
[GameID "435878"]

1. d4 Nf6 2. c4 g6 3. e3 c5 4. Nf3 cxd4 5. exd4 Bg7 6. Be2 Nc6 7. O-O O-O 8. Nbd2 d6 9. h3 d5 10. a3 Bf5
11. c5 b6 12. Bb5 Qc7 13. b4 a6 14. Ba4 a5 15. b5 Na7 16. c6 Bd3 17. Re1 e6 18. Bb2 Bxb5 19. Bxb5 Nxb5 20. Rc1 Na7
21. Ne5 Ne8 22. Nd7 Nd6 23. Nxf8 Rxf8 24. Qc2 Rc8 25. Nf3 Nc4 26. g4 Nxc6 27. Kg2 Qf4 28. Qe2 Nxd4 29. Bxd4 Bxd4 30. Nxd4 Qxd4
31. Red1 Qf6 32. Qd3 Qb2 33. Qd4 Qxd4 34. Rxd4 Rb8 35. Rc3 b5 36. g5 b4 37. axb4 axb4 38. Rb3 Kf8 39. Rf4 e5 40. Rf6 d4
41. Rc6 Na5
0-1

[Event "2019 Standard Chess Dropout Tournament, Round 1"]
[Site "SchemingMind.com"]
[Date "2018.12.14"]
[Round "1"]
[White "Wolli"]
[Black "Diadoco"]
[Result "0-1"]
[WhiteCountry "GER"]
[BlackCountry "MEX"]
[WhiteElo "1571"]
[WhiteRD "81"]
[BlackElo "2017"]
[BlackRD "94"]
[GameID "435879"]

1. c4 e5 2. g3 c6 3. Bg2 d5 4. cxd5 cxd5 5. Nc3 Nf6 6. d4 e4 7. f3 Bb4 8. a3 Bxc3+ 9. bxc3 h6 10. fxe4 dxe4
11. Qc2 Bf5 12. e3 O-O 13. Ne2 Nc6 14. O-O Bg6 15. Nf4 Bh7 16. a4 g5 17. Ne2 Re8 18. Ba3 Nd5 19. Bc1 Rc8 20. Qb3 Na5
21. Qc2 Nc4
0-1

[Event "2019 Standard Chess Dropout Tournament, Round 2"]
[Site "SchemingMind.com"]
[Date "2019.04.11"]
[Round "2"]
[White "Abstract Actuary"]
[Black "splinter"]
[Result "0-1"]
[WhiteCountry "USA"]
[BlackCountry "CAN"]
[WhiteElo "1775"]
[WhiteRD "88"]
[BlackElo "1786"]
[BlackRD "75"]
[GameID "440087"]

1. e4 c5 2. d4 cxd4 3. c3 dxc3 4. Nxc3 Nc6 5. Nf3 d6 6. Bc4 e6 7. O-O Be7 8. Qe2 Nf6 9. Rd1 e5 10. Bb5 Bd7
11. Bxc6 bxc6 12. Be3 O-O 13. Rac1 Qa5 14. h3 Rfc8 15. Nh4 Qb4 16. Nf5 Bxf5 17. exf5 d5 18. a3 Qb7 19. Na4 d4 20. Bd2 e4
21. Bg5 c5 22. Bxf6 gxf6 23. Qg4+ Kh8 24. Re1 e3 25. fxe3 Rg8 26. Qe2 Rg3 27. Rc2 Rag8 28. Qf1 dxe3 29. Ree2 Rxh3 30. Qf4 Rf3
31. Qh6 Rfg3 32. Nxc5 Qd5 33. Na4 Qxf5 34. Nc3 Rh3
0-1

[Event "2019 Standard Chess Dropout Tournament, Round 2"]
[Site "SchemingMind.com"]
[Date "2019.04.11"]
[Round "2"]
[White "Andreas Flato"]
[Black "Holty"]
[Result "1-0"]
[WhiteCountry "GER"]
[BlackCountry "ENG"]
[WhiteElo "1854"]
[WhiteRD "98"]
[BlackElo "1831"]
[BlackRD "64"]
[GameID "440088"]

1. e4 e6 2. f4 d5 3. e5 c5 4. d3 Nc6 5. Nf3 Nh6 6. Be2 Nf5 7. g4 Nfd4 8. O-O Nxe2+ 9. Qxe2 b6 10. Nc3 Bb7
11. f5 Be7 12. Bf4 a6 13. Rae1 b5 14. Nd1 Qb6 15. c3 c4+ 16. d4 O-O-O 17. fxe6 fxe6 18. Ng5 Bxg5 19. Bxg5 Rdf8 20. Rxf8+ Rxf8
21. Rf1 Rxf1+ 22. Qxf1 Qc7 23. Qf8+ Nd8 24. Bxd8 Qxd8 25. Qxg7 Qd7 26. Qg8+ Kc7 27. h4 a5 28. Qf8 Qd8 29. Qf7+ Qd7 30. Qf6 Qe8
31. h5 Kd7 32. Qg7+ Qe7 33. Qxe7+ Kxe7 34. Kg2 Kf8 35. Kg3 h6 36. Kh4 Bc6 37. Ne3 Be8 38. g5 Kg7 39. Ng4 hxg5+ 40. Kxg5 b4
41. h6+ Kh8 42. Nf6 Bb5 43. Kg6 Ba6 44. h7 bxc3 45. bxc3 Bb5 46. Kf7
1-0

[Event "2019 Standard Chess Dropout Tournament, Round 2"]
[Site "SchemingMind.com"]
[Date "2019.04.11"]
[Round "2"]
[White "ampp"]
[Black "Arthur Wilding"]
[Result "0-1"]
[WhiteCountry "POR"]
[BlackCountry "WLS"]
[WhiteElo "1323"]
[WhiteRD "88"]
[BlackElo "1182"]
[BlackRD "89"]
[GameID "440089"]

1. Nf3 Nc6 2. b3 e5 3. Bb2 d6 4. Nc3 Nf6 5. d3 Be7 6. e4 Bg4 7. h3 Bxf3 8. Qxf3 O-O 9. Be2 Nd4 10. Qe3 Nxc2+
11. Kd2 Nxe3 12. fxe3 Nd7 13. g4 c5 14. Nd5 b6 15. Rac1 Nf6 16. Nxf6+ Bxf6 17. Bf3 Qc8 18. d4 exd4 19. exd4 Qa6 20. Kc2 cxd4
21. e5 Rac8+ 22. Kb1 Rxc1+ 23. Rxc1 Qd3+ 24. Rc2 dxe5 25. Be2 Qxh3 26. Ba3 Rd8 27. Rc7 Qh1+ 28. Bc1 Qe4+ 29. Rc2 Qh1 30. Bc4 Bg5
31. a4 Bxc1 32. Rxc1 Qh4 33. Be2 Qg3 34. Ka2 g6 35. Rc2 d3
0-1

[Event "2019 Standard Chess Dropout Tournament, Round 2"]
[Site "SchemingMind.com"]
[Date "2019.04.11"]
[Round "2"]
[White "anne"]
[Black "Andrea Carra"]
[Result "1-0"]
[WhiteCountry "GER"]
[BlackCountry "ITA"]
[WhiteElo "2097"]
[WhiteRD "87"]
[BlackElo "1967"]
[BlackRD "94"]
[GameID "440090"]

1. e4 e6 2. d4 d5 3. Nd2 Nf6 4. e5 Nfd7 5. c3 c5 6. Bd3 Nc6 7. Ne2 cxd4 8. cxd4 f6 9. exf6 Nxf6 10. O-O Bd6
11. Nf3 O-O 12. Bf4 Bxf4 13. Nxf4 Ne4 14. Ne2 Ng5 15. Ne5 Bd7 16. Qd2 Nxe5 17. dxe5 Rc8 18. Qe3 Nf7 19. f4 Nh6 20. Qxa7 Bc6
21. h3 g5 22. Qe3 g4 23. hxg4 d4 24. Qh3 Qd5 25. Rf2 Kg7 26. g5 Nf5 27. g4
1-0

[Event "2019 Standard Chess Dropout Tournament, Round 2"]
[Site "SchemingMind.com"]
[Date "2019.04.15"]
[Round "2"]
[White "Apocalypse"]
[Black "Janusz Szopa"]
[Result "1/2-1/2"]
[WhiteCountry "USA"]
[BlackCountry "POL"]
[WhiteElo "2369"]
[WhiteRD "91"]
[BlackElo "2395"]
[BlackRD "88"]
[GameID "440091"]

1. e4 c5 2. c3 d5 3. exd5 Qxd5 4. d4 e6 5. Nf3 Nf6 6. Bd3 Be7 7. Qe2 O-O 8. O-O Nc6 9. dxc5 Qxc5 10. Rd1 Qh5
11. Bg5 Nd5 12. Bxe7 Ndxe7 13. Be4 e5 14. Qc4 Re8 15. Nbd2 Be6 16. Qb5 Rab8 17. Nf1 a6 18. Qc5 f6 19. Ng3 Qf7 20. h3 Red8
21. b3 Bd5 22. Nh4 Bxe4 23. Nxe4 Qe6 24. g4 Rbc8 25. Qe3 Nd5 26. Qf3 b6 27. Kh2 Rd7 28. g5 fxg5 29. Nxg5 Qf6 30. Qxf6 Nxf6
31. Rxd7 Nxd7 32. Rd1 Nf6 33. Rd6 h6 34. Ne6 Ne7 35. Rxb6 Rxc3 36. Rb8+ Kf7 37. Nd8+ Ke8 38. Ne6+ Kd7 39. Nxg7 Nfd5 40. Ngf5=
1/2-1/2

[Event "2019 Standard Chess Dropout Tournament, Round 2"]
[Site "SchemingMind.com"]
[Date "2019.04.12"]
[Round "2"]
[White "Austin Lockwood"]
[Black "PION4290"]
[Result "1-0"]
[WhiteCountry "ENG"]
[BlackCountry "CAN"]
[WhiteElo "1671"]
[WhiteRD "126"]
[BlackElo "1623"]
[BlackRD "85"]
[GameID "440092"]

1. e4 c6 2. d4 d5 3. Nc3 dxe4 4. Nxe4 Bf5 5. Ng3 Bg6 6. h4 h5 7. Nf3 Nh6 8. Bd3 Qd6 9. Bxg6 Qxg6 10. O-O Nd7
11. Bxh6 Qxh6 12. Qd3 O-O-O 13. Ng5 Ne5 14. Qf5+ e6 15. Qxe5 Qg6 16. Rae1 Bd6 17. Qe4 f5 18. Qxe6+ Qxe6 19. Nxe6 Rd7 20. Nxf5 g6
21. Nxd6+ Rxd6 22. Re2 Re8 23. Rfe1 b6 24. Ng7 Rxe2 25. Rxe2 Kd7 26. Re4 Rf6 27. c4 Rf7 28. Ne6 Re7 29. Nf8+ Ke8 30. Rxe7+ Kxe7
31. Nxg6+ Kf6 32. Nf4 Kf5 33. Nxh5 Kg4 34. d5 cxd5 35. cxd5 Kf5 36. g4+ Ke5 37. Nf4
1-0

[Event "2019 Standard Chess Dropout Tournament, Round 2"]
[Site "SchemingMind.com"]
[Date "2019.04.11"]
[Round "2"]
[White "bmariusz"]
[Black "MichaelG"]
[Result "1-0"]
[WhiteCountry "POL"]
[BlackCountry "GER"]
[WhiteElo "1987"]
[WhiteRD "105"]
[BlackElo "2038"]
[BlackRD "87"]
[GameID "440093"]

1. e4 e6 2. d4 d5 3. exd5 exd5 4. Nf3 Bd6 5. c4 Nf6 6. c5 Be7 7. Nc3 O-O 8. Bd3 b6 9. cxb6 axb6 10. O-O c5
11. Bb5 Bb7 12. Re1 Na6 13. Bd3 Nc7 14. Bf5 Re8 15. Qb3 Qd6 16. Bg5 c4 17. Qd1 h6 18. Bh4 Nh5 19. Bxe7 Rxe7 20. Ne5 Rae8
21. Qxh5 f6 22. Qg6 Qd8 23. Qh7+
1-0

[Event "2019 Standard Chess Dropout Tournament, Round 2"]
[Site "SchemingMind.com"]
[Date "2019.04.14"]
[Round "2"]
[White "Mike Winslow"]
[Black "Ronald R. Nurmi"]
[Result "1-0"]
[WhiteCountry "USA"]
[BlackCountry "USA"]
[WhiteElo "1951"]
[WhiteRD "83"]
[BlackElo "1793"]
[BlackRD "74"]
[GameID "440094"]

1. d4 d5 2. c4 c6 3. Nc3 dxc4 4. a4 Bf5 5. Bf4 Nf6 6. h3 e6 7. e3 Bb4 8. Bxc4 Nbd7 9. Ne2 O-O 10. O-O Re8
11. Rc1 Nf8 12. g4 Bg6 13. Ng3 Bd6 14. Be5 Bxe5 15. dxe5 Nd5 16. Nce4 Qc7 17. Nd6 Red8 18. Bxd5 exd5 19. Qxd5 Nd7 20. f4 cxd5
21. Rxc7 b6 22. Rfc1 Nc5 23. Nb7 Nxb7 24. Rxb7
1-0

[Event "2019 Standard Chess Dropout Tournament, Round 2"]
[Site "SchemingMind.com"]
[Date "2019.04.12"]
[Round "2"]
[White "Ingemar Assarsjö"]
[Black "Austin Lockwood"]
[Result "0-1"]
[WhiteCountry "SWE"]
[BlackCountry "ENG"]
[WhiteElo "1799"]
[WhiteRD "118"]
[BlackElo "1629"]
[BlackRD "130"]
[GameID "440095"]

1. e4 e5 2. Nf3 Nc6 3. Bb5 a6 4. Ba4 Nf6 5. O-O Be7 6. Re1 b5 7. Bb3 d6 8. c3 O-O 9. h3 Na5 10. Bc2 c5
11. d4 Qc7 12. Nbd2 Bd7 13. Nf1 cxd4 14. cxd4 Rac8 15. Ne3 exd4 16. Nxd4 Rfe8 17. b3 d5 18. Nxd5 Nxd5 19. exd5 Bf6 20. Rxe8+ Rxe8
21. Bb2 Qc5 22. Qd2 Qxd5 23. Qxa5 Bxd4 24. Bxd4 Bc6
0-1

[Event "2019 Standard Chess Dropout Tournament, Round 2"]
[Site "SchemingMind.com"]
[Date "2019.04.14"]
[Round "2"]
[White "Robert Bruce"]
[Black "clare1347"]
[Result "1/2-1/2"]
[WhiteCountry "SCO"]
[BlackCountry "ENG"]
[WhiteElo "2382"]
[WhiteRD "69"]
[BlackElo "2385"]
[BlackRD "97"]
[GameID "440096"]

1. d4 Nf6 2. Nf3 e6 3. Bg5 h6 4. Bh4 c5 5. Nc3 cxd4 6. Nxd4 Bb4 7. Qd3 d5 8. Qb5+ Nc6 9. Nxc6 Bxc3+ 10. bxc3 bxc6
11. Qxc6+ Bd7 12. Bxf6 Qxf6 13. Qxa8+ Ke7 14. Qxh8 Qxc3+ 15. Kd1 Qxa1+ 16. Kd2 Qd4+ 17. Kc1 Qa1+ 18. Kd2 Qd4+ 19. Kc1 Qa1+ 20. Kd2=
1/2-1/2

[Event "2019 Standard Chess Dropout Tournament, Round 2"]
[Site "SchemingMind.com"]
[Date "2019.04.15"]
[Round "2"]
[White "clare1347"]
[Black "sbb"]
[Result "0-1"]
[WhiteCountry "ENG"]
[BlackCountry "USA"]
[WhiteElo "2320"]
[WhiteRD "95"]
[BlackElo "2544"]
[BlackRD "88"]
[GameID "440097"]

1. e4 e5 2. Nf3 Nc6 3. Bb5 a6 4. Ba4 Nf6 5. O-O Be7 6. Re1 b5 7. Bb3 d6 8. c3 O-O 9. h3 Re8 10. d4 Bb7
11. Nbd2 Bf8 12. Nf1 exd4 13. cxd4 Na5 14. e5 Nxb3 15. Qxb3 dxe5 16. dxe5 Nd5 17. Rd1 Qd7 18. a4 c5 19. Ne3 c4 20. Qc2 h6
21. Nxd5 Bxd5 22. axb5 axb5 23. Rxa8 Rxa8 24. Qd2 Ra1 25. Ne1 Qc6 26. Nc2 Bxg2 27. Nxa1 Bxh3 28. Qd5 Qg6+ 29. Kh2 Be6 30. Qh1 Qh5+
31. Kg3 Qg4+ 32. Kh2 Bc5 33. Be3 Bxe3 34. fxe3 Qh3+
0-1

[Event "2019 Standard Chess Dropout Tournament, Round 2"]
[Site "SchemingMind.com"]
[Date "2019.04.13"]
[Round "2"]
[White "Andrea Carra"]
[Black "ampp"]
[Result "1-0"]
[WhiteCountry "ITA"]
[BlackCountry "POR"]
[WhiteElo "1943"]
[WhiteRD "92"]
[BlackElo "1288"]
[BlackRD "81"]
[GameID "440098"]

1. e4 e5 2. Nf3 Nc6 3. Bb5 Nf6 4. O-O a6 5. Ba4 h6 6. Re1 b5 7. Bb3 d6 8. h3 Be7 9. c3 O-O 10. d4 exd4
11. cxd4 a5 12. Nc3 b4 13. Nd5 Nxd5 14. Bxd5 Bb7 15. Qc2 Qd7 16. Bf4 Rab8 17. b3 Nd8 18. Bxb7 Rxb7 19. d5 c6 20. dxc6 Nxc6
21. Rad1 Rc8 22. Qd2 Rd8 23. Re3 Ne5 24. Nd4 Ng6 25. Ne2 Nxf4 26. Nxf4 Bg5 27. Rf3 Bxf4 28. Rxf4 Qe6 29. Qd4 Rbd7 30. Rf5 g6
31. Rxa5 Kh7 32. Qxb4 d5 33. exd5 Rxd5 34. Raxd5 Rxd5 35. Rxd5 Qxd5 36. Qc4 Qd1+ 37. Kh2 Qd6+ 38. g3 Kg7 39. Qc3+ Kg8 40. a4
1-0

[Event "2019 Standard Chess Dropout Tournament, Round 2"]
[Site "SchemingMind.com"]
[Date "2019.04.15"]
[Round "2"]
[White "DANDYLIONHONEYBADGER"]
[Black "JimM"]
[Result "0-1"]
[WhiteCountry "USA"]
[BlackCountry "USA"]
[WhiteElo "1365"]
[WhiteRD "73"]
[BlackElo "1644"]
[BlackRD "89"]
[GameID "440099"]

1. e4 e5 2. Nc3 Nf6 3. f3 Bc5 4. Qe2 b6 5. Nd5 O-O 6. Nxf6+ Qxf6 7. Nh3 Ba6 8. d3 Nc6 9. Be3 Nd4 10. Bxd4 Bxd4
11. c3 Bc5 12. b4 Be7 13. O-O-O c5 14. a3 cxb4 15. axb4 Bb7 16. g4 Qc6 17. c4 Bxb4 18. Qb2 Qc5 19. Kb1 a5 20. d4 Qc6
21. d5 Qa4 22. Bd3 Ba6 23. Bc2 Qa3 24. Qxa3 Bxa3 25. Bb3 Rfc8 26. Ka2 Bb4 27. Rc1 Bd2 28. Rc2 Be3 29. Re1 Bd4 30. f4 f6
31. f5 a4 32. Bxa4 Bxc4+ 33. Kb1 Rxa4 34. Kc1 b5 35. g5 Rca8 36. Kd2 Ra3 37. gxf6 gxf6 38. Rg1+ Kf7
0-1

[Event "2019 Standard Chess Dropout Tournament, Round 2"]
[Site "SchemingMind.com"]
[Date "2019.04.14"]
[Round "2"]
[White "Diadoco"]
[Black "Mike Winslow"]
[Result "1-0"]
[WhiteCountry "MEX"]
[BlackCountry "USA"]
[WhiteElo "2021"]
[WhiteRD "98"]
[BlackElo "1951"]
[BlackRD "83"]
[GameID "440100"]

1. e4 c6 2. d4 d5 3. e5 Bf5 4. Nf3 e6 5. Be2 Nd7 6. O-O Ne7 7. Nbd2 c5 8. c3 Nc6 9. Nb3 c4 10. Nbd2 b5
11. Re1 a5 12. Nf1 Be7 13. Ng3 Bg6 14. Be3 O-O 15. b3 f6 16. exf6 Bxf6 17. a4 Na7 18. axb5 Nxb5 19. Qd2 Nb6 20. bxc4 Nxc4
21. Bxc4 dxc4 22. Bf4 Ra6 23. Ne5 Bxe5 24. Bxe5 a4 25. Ne4 Bxe4 26. Rxe4 Qa8 27. Rg4 Rf7 28. Qg5 g6 29. h4 Rf5 30. Qh6 Rxe5
31. dxe5 Qd5 32. h5 Qxe5 33. hxg6 hxg6 34. Rxg6+ Kf7 35. Qh7+
1-0